000 00795nam a2200253Ia 4500
003 OSt
005 20220923224111.0
006 a|||||r|||| 00| 0
007 ta
008 220922b |||||||| |||| 00| 0 hin d
024 _a225,664
037 _cTextual
040 _aARTS
_cARTS
_bhin
041 _2hin
_ahin
082 _aO152,3N161x, N1
100 _aनागर, अमृतलाल
245 0 _aजिनके साथ जिया
246 _aJinake sāth jiyā
260 _aदिल्ली
_b राजपाल एण्ड सन्स
_c1991
300 _a163पृ.
_ccm.
650 _aहिन्दी साहित्य
_9156264
942 _hO152,3N161x, N1
_cTEXL
_2CC
999 _c369246
_d369246